| 000 | 00506nam a2200157Ia 4500 | ||
|---|---|---|---|
| 008 | 220803s9999 xx 000 0 und d | ||
| 020 | _a81-904096-2-X | ||
| 041 | _aeng | ||
| 082 | _a729 MAN | ||
| 100 |
_aManu S _920249 |
||
| 245 | _aExploring The Realm Of Energy And Comfort In Interiors : Experiments To Understand Thermal Effects Of Furniture On Interior Environments. | ||
| 260 |
_aAhmedabad _bResearch Cell SID _c2006 |
||
| 300 | _a174p | ||
| 500 | _aArchitecture | ||
| 650 |
_aInterior Design _920250 |
||
| 999 |
_c13629 _d13629 |
||